000 00485nam a2200181Ia 4500
003 GCL
008 140319s9999 xx 000 0 eng d
040 _aGCL /
_cGCL
082 0 4 _aCC
_b962.16202
_bR C
100 1 _aRODENBECK, JOHN
245 1 0 _aCAIRO INSIGHT CITY GUIDES /
_cRODENBECK, JOHN
260 _a[S.N] :
_bAPA PUBLICATION LTD ،
_c1992
300 _a292
650 0 4 _aEGYPT - HISTORY
650 0 4 _aEGYPT - ANTIQUITIES
650 0 4 _aCAIRO - GUIDE BOOKS
942 _2ddc
_cBK
999 _c20221
_d20221